Menyelesaikan konflik / (Record no. 1347)

000 -LEADER
fixed length control field nam a22 a 4500
003 - CONTROL NUMBER IDENTIFIER
control field AKMAL
005 - DATE AND TIME OF LATEST TRANSACTION
control field 20170509112220.0
008 - FIXED-LENGTH DATA ELEMENTS--GENERAL INFORMATION
fixed length control field 170509s1998 my 00 may d
020 ## - INTERNATIONAL STANDARD BOOK NUMBER
International Standard Book Number 9676108006 (kkt.):
Terms of availability RM 12.00
040 ## - CATALOGING SOURCE
Original cataloging agency AKMAL
082 04 - DEWEY DECIMAL CLASSIFICATION NUMBER
Classification number 303.69 ABD
090 00 - LOCALLY ASSIGNED LC-TYPE CALL NUMBER (OCLC); LOCAL CALL NUMBER (RLIN)
Classification number (OCLC) (R) ; Classification number, CALL (RLIN) (NR) 303.69
Local cutter number (OCLC) ; Book number/undivided call number, CALL (RLIN) ABD
100 0# - MAIN ENTRY--PERSONAL NAME
Personal name Abdullah Hassan,
Dates associated with a name 1942-
9 (RLIN) 341
245 10 - TITLE STATEMENT
Title Menyelesaikan konflik /
Statement of responsibility, etc. Abdullah Hassan & Ainon Mohd.
260 ## - PUBLICATION, DISTRIBUTION, ETC.
Place of publication, distribution, etc. Kuala Lumpur :
Name of publisher, distributor, etc. Utusan Publications & Distributors,
Date of publication, distribution, etc. 1998
300 00 - PHYSICAL DESCRIPTION
Extent 152ms. ;
Dimensions 22cm
650 #0 - SUBJECT ADDED ENTRY--TOPICAL TERM
Topical term or geographic name entry element Conflict management
9 (RLIN) 2640
700 0# - ADDED ENTRY--PERSONAL NAME
Personal name Ainon Muhammad,
Dates associated with a name 1950-
9 (RLIN) 343
942 ## - ADDED ENTRY ELEMENTS (KOHA)
Source of classification or shelving scheme
Koha item type Book
Holdings
Withdrawn status Lost status Source of classification or shelving scheme Damaged status Not for loan Collection code Home library Current library Shelving location Date acquired Inventory number Total Checkouts Full call number Barcode Date last seen Price effective from Koha item type
          NON-FICTION AKMAL Melaka AKMAL Melaka PINJAMAN 09.05.2017 303258   303.69 ABD 201702593 09.05.2017 09.05.2017 Book
Pusat Sumber Maklumat Dato' Haji Sarmin Md Hussin, Akademi Kastam Diraja Malaysia, Melaka
Tel: 06-2331106 | Faks: 06-2313787